Personálny manažér v holdingovej firme
Vymedzenie podstaty a kľúčové úlohy holdingu. Právomoci holdingového personálneho manažéra. Motivácia a profesijná kariéra v holdingu.
Gespeichert in:
| 1. Verfasser: | |
|---|---|
| Format: | Buch |
| Sprache: | Slowakisch |
| Schlagworte: | |
| Tags: |
Keine Tags, Fügen Sie das erste Tag hinzu!
|
MARC
| LEADER | 00000nam a2200000 4500 | ||
|---|---|---|---|
| 001 | r031856 | ||
| 005 | 20230720080122.2 | ||
| 041 | 0 | |a slo | |
| 044 | |a SK | ||
| 245 | 1 | 0 | |a Personálny manažér v holdingovej firme |c Štefan Kassay |
| 520 | |a Vymedzenie podstaty a kľúčové úlohy holdingu. Právomoci holdingového personálneho manažéra. Motivácia a profesijná kariéra v holdingu. | ||
| 610 | 2 | 0 | |a manažment personálny |
| 610 | 2 | 0 | |a holding |
| 610 | 2 | 0 | |a transformácia |
| 610 | 2 | 0 | |a podnikanie |
| 610 | 2 | 0 | |a divízie |
| 610 | 2 | 0 | |a motivácia pracovná |
| 610 | 2 | 0 | |a decentralizácia |
| 610 | 2 | 0 | |a riadenie strategické |
| 610 | 2 | 0 | |a zdroje pracovné |
| 610 | 2 | 0 | |a zámery podnikateľské |
| 610 | 2 | 0 | |a reštrukturalizácia |
| 610 | 2 | 0 | |a Slovensko |
| 100 | 1 | |a Kassay, Štefan | |